[Event "SVK-chT1W 1718"]
[Site "Slovakia"]
[Date "2017.12.03"]
[Round "6.5"]
[White "Horvath, Marian"]
[Black "Sosovicka, Jakub"]
[Result "1/2-1/2"]
[WhiteElo "2178"]
[BlackElo "2111"]
[PlyCount "59"]
[EventDate "2017.10.21"]
[EventType "team-tourn"]
[EventRounds "11"]
[EventCountry "SVK"]
[SourceTitle "EXT 2019"]
[Source "ChessBase"]
[SourceDate "2018.10.10"]
[SourceVersion "1"]
[SourceVersionDate "2018.10.10"]
[SourceQuality "1"]
[WhiteTeam "Nitra NSK"]
[BlackTeam "Devinska Nova Ves"]
[WhiteTeamCountry "SVK"]
[BlackTeamCountry "SVK"]

1. c4 e6 2. Nc3 d5 3. d4 Be7 4. Nf3 Nf6 5. Bg5 0-0 6. e3 h6 7. Bh4 b6 8. cxd5 Nxd5 9. Bxe7 Qxe7 10. Be2 Bb7 11. 0-0 Nd7 12. Rc1 c5 13. a3 Rac8 14. Qa4 Bc6 15. Nxd5 exd5 16. Bb5 Bxb5 17. Qxb5 Rfd8 18. Rfd1 Nf6 19. Ne5 Rc7 20. Qa6 Rdc8 21. h3 Qe8 22. Nf3 c4 23. Ne5 Nd7 24. Nxd7 Qxd7 25. Rc3 Re8 26. a4 Re6 27. Qb5 Rg6 28. Qxd7 Rxd7 29. b3 Rc6 30. b4 1/2-1/2

[Event "SVK-chT1W 1718"]
[Site "Slovakia"]
[Date "2017.11.05"]
[Round "4.6"]
[White "Horvath, Marian"]
[Black "Janos, Jozef"]
[Result "1/2-1/2"]
[WhiteElo "2178"]
[BlackElo "2116"]
[PlyCount "98"]
[EventDate "2017.10.21"]
[EventType "team-tourn"]
[EventRounds "11"]
[EventCountry "SVK"]
[SourceTitle "CBM 181 Extra"]
[Source "ChessBase"]
[SourceDate "2017.12.12"]
[SourceVersion "1"]
[SourceVersionDate "2017.12.12"]
[SourceQuality "1"]
[WhiteTeam "Nitra NSK"]
[BlackTeam "Bratislava Slovan II"]
[WhiteTeamCountry "SVK"]
[BlackTeamCountry "SVK"]

1. c4 e5 2. Nc3 Nc6 3. g3 g6 4. Bg2 Bg7 5. e3 Nge7 6. Nge2 0-0 7. 0-0 d6 8. d3 Be6 9. e4 Qd7 10. Nd5 Nd8 11. f4 Nxd5 12. cxd5 Bh3 13. f5 Bxg2 14. Kxg2 f6 15. Be3 c5 16. h4 Nf7 17. Qd2 Rac8 18. Rac1 b6 19. b3 Qe7 20. Rf3 g5 21. hxg5 Nxg5 22. Bxg5 fxg5 23. g4 Bf6 24. Rh3 Rf7 25. Rch1 Rc7 26. Rh6 Qf8 27. Ng1 b5 28. Nf3 Rg7 29. Qa5 Rb7 30. Kg3 Rb6 31. R1h5 Qd8 32. Rh2 Qe7 33. Nd2 Rf7 34. Nf1 Qb7 35. Qd2 Qe7 36. Kf3 Rb7 37. Ng3 Qf8 38. R6h3 Rbc7 39. Qc1 c4 40. bxc4 bxc4 41. dxc4 Qc8 42. Rc2 Rc5 43. Nf1 Rfc7 44. Ne3 Rb7 45. Rhh2 Ra5 46. Rb2 Rb6 47. Rxb6 axb6 48. Rb2 Bd8 49. Qh1 Ra3 1/2-1/2

[Event "SVK-chT1W 1516"]
[Site "Slovakia"]
[Date "2016.02.20"]
[Round "8.8"]
[White "Puchart, Vladimir"]
[Black "Horvath, Marian"]
[Result "1/2-1/2"]
[WhiteElo "2032"]
[BlackElo "2161"]
[PlyCount "76"]
[EventDate "2015.10.24"]
[EventType "team-tourn"]
[EventRounds "11"]
[EventCountry "SVK"]
[SourceTitle "EXT 2017"]
[Source "ChessBase"]
[SourceDate "2016.10.25"]
[SourceVersion "1"]
[SourceVersionDate "2016.10.25"]
[SourceQuality "1"]
[WhiteTeam "Trnava Lokomotiva"]
[BlackTeam "Nitra"]
[WhiteTeamCountry "SVK"]
[BlackTeamCountry "SVK"]

1. d4 d5 2. c4 c6 3. Nc3 Nf6 4. Nf3 a6 5. cxd5 cxd5 6. Bf4 Nc6 7. e3 Bg4 8. Bd3 e6 9. 0-0 Bd6 10. Bxd6 Qxd6 11. Rc1 0-0 12. a3 b5 13. b4 Na7 14. e4 dxe4 15. Nxe4 Nxe4 16. Bxe4 Rad8 17. Bxh7+ Kh8 18. Bb1 g6 19. h3 Bxf3 20. Qxf3 Kg7 21. Rfd1 Rd7 22. Rc5 Rfd8 23. h4 e5 24. Rxe5 Nc6 25. Re4 Qf6 26. Rf4 Qe6 27. d5 Rxd5 28. Rxd5 Qxd5 29. Be4 Qd1+ 30. Qxd1 Rxd1+ 31. Kh2 Ne5 32. Bb7 Rd6 33. g3 Rb6 34. Bg2 Rd6 35. Bb7 Rb6 36. Bg2 Rd6 37. Bb7 Rb6 38. Bg2 Rd6 1/2-1/2

[Event "SVK-chT1W 1516"]
[Site "Slovakia"]
[Date "2015.12.12"]
[Round "5.1"]
[White "Horvath, Marian"]
[Black "Hlavina, Lubomir"]
[Result "1/2-1/2"]
[WhiteElo "2161"]
[BlackElo "1964"]
[PlyCount "86"]
[EventDate "2015.10.24"]
[EventType "team-tourn"]
[EventRounds "11"]
[EventCountry "SVK"]
[SourceTitle "CBM 170 Extra"]
[Source "ChessBase"]
[SourceDate "2016.02.25"]
[SourceVersion "1"]
[SourceVersionDate "2016.02.25"]
[SourceQuality "1"]
[WhiteTeam "Nitra"]
[BlackTeam "Nitra Trogar"]
[WhiteTeamCountry "SVK"]
[BlackTeamCountry "SVK"]

1. c4 e5 2. Nc3 Nf6 3. g3 d5 4. cxd5 Nxd5 5. Bg2 Nb6 6. d3 Be7 7. Nf3 Nc6 8. a4 a5 9. 0-0 Be6 10. Be3 Nd5 11. Bd2 Ndb4 12. Nb5 f6 13. Bc3 Qd7 14. Qd2 Rd8 15. Rfc1 Bd5 16. Qe3 0-0 17. Nd2 Bxg2 18. Kxg2 Nd5 19. Qe4 Ncb4 20. Qc4 c6 21. Na3 Kh8 22. Ne4 Qg4 23. f3 Ne3+ 24. Kf2 Nxc4 25. fxg4 Nb6 26. Nc4 Nxc4 27. dxc4 Rd7 28. Rd1 Rfd8 29. Rxd7 Rxd7 30. Rc1 Na2 31. Rc2 Bb4 32. Bxb4 Nxb4 33. Rc1 Rd4 34. Ke3 Na6 35. Rc3 Kg8 36. b3 c5 37. Rc1 h6 38. h3 Kf7 39. Nc3 Nb4 40. Nb5 Rd7 41. Nc3 Rd4 42. Nb5 Rd7 43. Nc3 Rd4 1/2-1/2

[Event "SVK-chT1W 1516"]
[Site "Slovakia"]
[Date "2015.10.25"]
[Round "2.1"]
[White "Horvath, Marian"]
[Black "Cambel, Vladimir"]
[Result "1/2-1/2"]
[WhiteElo "2161"]
[BlackElo "2053"]
[PlyCount "50"]
[EventDate "2015.10.24"]
[EventType "team-tourn"]
[EventRounds "11"]
[EventCountry "SVK"]
[SourceTitle "CBM 170 Extra"]
[Source "ChessBase"]
[SourceDate "2016.02.25"]
[SourceVersion "1"]
[SourceVersionDate "2016.02.25"]
[SourceQuality "1"]
[WhiteTeam "Nitra"]
[BlackTeam "Bratislava Slovan III"]
[WhiteTeamCountry "SVK"]
[BlackTeamCountry "SVK"]

1. c4 Nf6 2. Nc3 c5 3. g3 g6 4. Bg2 Bg7 5. e3 0-0 6. Nge2 Nc6 7. 0-0 d6 8. b3 Bf5 9. d3 Qd7 10. Bb2 e5 11. Nd5 Bh3 12. Nxf6+ Bxf6 13. Nc3 Bxg2 14. Kxg2 Ne7 15. e4 Bg7 16. Qe2 f5 17. f3 f4 18. g4 Bf6 19. Rg1 h5 20. Kh1 hxg4 21. Rxg4 Kf7 22. Rag1 Rh8 23. R1g2 Rh6 24. Kg1 Rah8 25. a3 Rh4 1/2-1/2

[Event "SVK-chT1W 1516"]
[Site "Slovakia"]
[Date "2015.10.24"]
[Round "1.1"]
[White "Hudec, Jan"]
[Black "Horvath, Marian"]
[Result "0-1"]
[WhiteElo "2017"]
[BlackElo "2161"]
[PlyCount "102"]
[EventDate "2015.10.24"]
[EventType "team-tourn"]
[EventRounds "11"]
[EventCountry "SVK"]
[SourceTitle "CBM 170 Extra"]
[Source "ChessBase"]
[SourceDate "2016.02.25"]
[SourceVersion "1"]
[SourceVersionDate "2016.02.25"]
[SourceQuality "1"]
[WhiteTeam "Bratislava Slovan II"]
[BlackTeam "Nitra"]
[WhiteTeamCountry "SVK"]
[BlackTeamCountry "SVK"]

1. d4 d5 2. c4 c6 3. Nf3 Nf6 4. Nc3 a6 5. c5 Bf5 6. Bf4 Nbd7 7. Qb3 Qc8 8. h3 h6 9. e3 e6 10. Be2 Be7 11. g4 Bh7 12. Rg1 Ne4 13. Nxe4 Bxe4 14. Qc3 Bd8 15. Nd2 Bg6 16. a4 f6 17. a5 Bc7 18. Bxc7 Qxc7 19. Bd3 Bxd3 20. Qxd3 0-0-0 21. b4 e5 22. 0-0-0 e4 23. Qf1 Rde8 24. Nb1 Rhf8 25. Nc3 g5 26. f4 gxf4 27. Qxf4 Qxf4 28. exf4 f5 29. Rdf1 fxg4 30. hxg4 Rg8 31. g5 hxg5 32. fxg5 Rg7 33. Kd2 Reg8 34. Rf5 Kd8 35. Ne2 Rf8 36. Rgf1 Rxf5 37. Rxf5 Ke7 38. Ke3 Nf8 39. Kf4 Ne6+ 40. Kg4 Rf7 41. Rxf7+ Kxf7 42. Kh5 Kg7 43. g6 Kf6 44. Kh6 Kf5 45. g7 Nxg7 46. Kxg7 Kg4 47. Kf6 Kf3 48. Nc1 Ke3 49. Nb3 Kd3 50. Nc1+ Kd2 51. Nb3+ Kc2 0-1

[Event "SVK-chT2B 1415"]
[Site "Slovakia"]
[Date "2015.03.07"]
[Round "10.2"]
[White "Horvath, Marian"]
[Black "Laho, Maros"]
[Result "1-0"]
[WhiteElo "2151"]
[BlackElo "1980"]
[PlyCount "59"]
[EventDate "2014.10.11"]
[EventType "team-tourn"]
[EventRounds "11"]
[EventCountry "SVK"]
[SourceTitle "EXT 2019"]
[Source "ChessBase"]
[SourceDate "2018.10.10"]
[SourceVersion "1"]
[SourceVersionDate "2018.10.10"]
[SourceQuality "1"]
[WhiteTeam "Topolcianky SK"]
[BlackTeam "Surany Lokomotiva"]
[WhiteTeamCountry "SVK"]
[BlackTeamCountry "SVK"]

1. c4 c6 2. d4 d5 3. cxd5 cxd5 4. Nc3 Nf6 5. Nf3 Nc6 6. g3 a6 7. Bg2 Bf5 8. 0-0 e6 9. Bg5 h6 10. Bxf6 Qxf6 11. Ne5 Bd6 12. Nxc6 bxc6 13. Qa4 0-0 14. e4 dxe4 15. Nxe4 Bxe4 16. Bxe4 e5 17. Bxc6 Rab8 18. dxe5 Bxe5 19. Rab1 Rb6 20. Bd5 Bxb2 21. Rfd1 Rfb8 22. Bb3 Rb4 23. Qd7 Bd4 24. Rf1 a5 25. Rbe1 Rd8 26. Re8+ Rxe8 27. Qxe8+ Kh7 28. Bxf7 h5 29. Qg8+ Kh6 30. Qh8+ 1-0

[Event "SVK-chT2B 1415"]
[Site "Slovakia"]
[Date "2015.02.01"]
[Round "7.2"]
[White "Kukucka, Matej"]
[Black "Horvath, Marian"]
[Result "1-0"]
[WhiteElo "2073"]
[BlackElo "2151"]
[PlyCount "73"]
[EventDate "2014.10.11"]
[EventType "team-tourn"]
[EventRounds "11"]
[EventCountry "SVK"]
[SourceTitle "EXT 2019"]
[Source "ChessBase"]
[SourceDate "2018.10.10"]
[SourceVersion "1"]
[SourceVersionDate "2018.10.10"]
[SourceQuality "1"]
[WhiteTeam "Povazske Podhradie SK"]
[BlackTeam "Topolcianky SK"]
[WhiteTeamCountry "SVK"]
[BlackTeamCountry "SVK"]

1. d4 d5 2. c4 c6 3. Nf3 Nf6 4. Nc3 a6 5. e3 b5 6. c5 Bg4 7. Qb3 Nbd7 8. a4 Bxf3 9. gxf3 e5 10. Qa3 Rc8 11. axb5 axb5 12. Bd2 g6 13. Bh3 exd4 14. exd4 Bg7 15. Qa5 0-0 16. Qxd8 Rfxd8 17. 0-0 Ra8 18. Na2 Nh5 19. Nb4 Rxa1 20. Rxa1 Nb8 21. Ra8 Rf8 22. Bg4 Bxd4 23. Rxb8 Rxb8 24. Nxc6 Ra8 25. Nxd4 f5 26. Bxh5 gxh5 27. c6 Rc8 28. Bf4 Kf8 29. c7 Ke8 30. Nxb5 Kd7 31. Na7 Rxc7 32. Bxc7 Kxc7 33. Nb5+ Kc6 34. Nd4+ Kc5 35. Nxf5 Kb4 36. Kf1 Kb3 37. Ke2 1-0

[Event "SVK-chT2B 1314"]
[Site "Slovakia"]
[Date "2014.01.11"]
[Round "5.4"]
[White "Riabov, Alexander"]
[Black "Horvath, Marian"]
[Result "0-1"]
[WhiteElo "2043"]
[BlackElo "2135"]
[PlyCount "98"]
[EventDate "2013.10.19"]
[EventType "team-tourn"]
[EventRounds "11"]
[EventCountry "SVK"]
[SourceTitle "EXT 2015"]
[Source "ChessBase"]
[SourceDate "2014.11.20"]
[SourceVersion "1"]
[SourceVersionDate "2014.11.20"]
[SourceQuality "1"]
[WhiteTeam "Topolcany"]
[BlackTeam "Topolcianky"]
[WhiteTeamCountry "SVK"]
[BlackTeamCountry "SVK"]

1. e4 c6 2. d4 d5 3. Nd2 g6 4. Ngf3 Bg7 5. c3 Qb6 6. Bd3 Bg4 7. h3 Bxf3 8. Qxf3 e6 9. h4 h5 10. g4 hxg4 11. Qxg4 Nf6 12. Qg2 Nh5 13. Nf3 Qc7 14. Qh2 Qxh2 15. Rxh2 dxe4 16. Bxe4 Nd7 17. Bg5 Bh6 18. Bc2 Nf4 19. 0-0-0 f6 20. Bxh6 Rxh6 21. Re1 Nf8 22. Re4 Nd5 23. c4 Ne7 24. Rf4 Ng8 25. Rg2 Rd8 26. Nh2 Ke7 27. Rfg4 Kf7 28. Nf3 Ne7 29. Rf4 Nf5 30. d5 cxd5 31. Bxf5 gxf5 32. Rd4 Rc8 33. Kd2 Rxc4 34. Rxc4 dxc4 35. Kc3 Ng6 36. Kxc4 Ne5+ 37. Nxe5+ fxe5 38. Rh2 e4 39. Kc5 Kf6 40. Kd6 f4 41. h5 Kf5 42. b4 e3 43. fxe3 fxe3 44. Kc5 Ke4 45. Kc4 e5 46. Kc3 Kf3 47. Kc2 e2 48. Rh3+ Kf2 49. Rh2+ Kf1 0-1

[Event "SVK-chT2B 1314"]
[Site "Slovakia"]
[Date "2013.11.23"]
[Round "3.3"]
[White "Bednar, Jan"]
[Black "Horvath, Marian"]
[Result "0-1"]
[WhiteElo "2185"]
[BlackElo "2135"]
[PlyCount "120"]
[EventDate "2013.10.19"]
[EventType "team-tourn"]
[EventRounds "11"]
[EventCountry "SVK"]
[SourceTitle "EXT 2015"]
[Source "ChessBase"]
[SourceDate "2014.11.20"]
[SourceVersion "1"]
[SourceVersionDate "2014.11.20"]
[SourceQuality "1"]
[WhiteTeam "Surany"]
[BlackTeam "Topolcianky"]
[WhiteTeamCountry "SVK"]
[BlackTeamCountry "SVK"]

1. d4 d5 2. c4 c6 3. Nf3 Nf6 4. Nc3 a6 5. e3 b5 6. cxd5 cxd5 7. Bd3 Bb7 8. 0-0 e6 9. Ne5 Bd6 10. f4 Nbd7 11. Bd2 0-0 12. a3 Nb6 13. Qe2 Ne4 14. Rfd1 f6 15. Nf3 Rc8 16. Be1 Qe7 17. Na2 Nc4 18. Bb4 Rc7 19. Rdc1 Rfc8 20. Rc2 a5 21. Bxd6 Qxd6 22. Rac1 a4 23. Nb4 Rd8 24. Bxe4 dxe4 25. Nd2 Bd5 26. Nb1 f5 27. Nc3 Qb6 28. Ncxd5 exd5 29. Rc3 Ra7 30. Qh5 Qe6 31. Qg5 Rd6 32. R1c2 h6 33. Qh5 Kh7 34. g4 g6 35. gxf5 gxf5 36. Rg2 Rg7 37. Qe2 Rxg2+ 38. Kxg2 Rd7 39. Kf1 Rg7 40. Qf2 Qg8 41. Rc2 Rg2 42. Qxg2 Nxe3+ 43. Kg1 Nxg2 44. Rxg2 Qe6 45. Kf2 e3+ 46. Ke2 Qe4 47. Rg3 Qxf4 48. Rxe3 Qxd4 49. Nd3 f4 50. Rf3 Qe4+ 51. Kf2 d4 52. Rh3 Kg6 53. Rf3 Kg5 54. h3 h5 55. Ne1 Qb1 56. Nd3 Qc2+ 57. Kf1 Qd2 58. Ne1 Qxb2 59. Rxf4 Qxa3 60. Rxd4 Qxh3+ 0-1

[Event "SVK-chT2B 1213"]
[Site "Slovakia"]
[Date "2013.02.16"]
[Round "8.3"]
[White "Horvath, Marian"]
[Black "Dvoranova, Maria"]
[Result "1/2-1/2"]
[WhiteElo "2153"]
[BlackElo "2036"]
[PlyCount "49"]
[EventDate "2012.10.13"]
[EventType "team-tourn"]
[EventRounds "11"]
[EventCountry "SVK"]
[SourceTitle "EXT 2015"]
[Source "ChessBase"]
[SourceDate "2014.11.20"]
[SourceVersion "1"]
[SourceVersionDate "2014.11.20"]
[SourceQuality "1"]
[WhiteTeam "Topolcianky"]
[BlackTeam "Surany"]
[WhiteTeamCountry "SVK"]
[BlackTeamCountry "SVK"]

1. c4 Nf6 2. Nc3 e6 3. d4 d5 4. Bg5 c6 5. e3 Nbd7 6. Nf3 Be7 7. Qc2 0-0 8. Bd3 dxc4 9. Bxc4 Nd5 10. Bxe7 Qxe7 11. a3 Nxc3 12. Qxc3 c5 13. dxc5 Nxc5 14. b4 Nd7 15. Rd1 b6 16. Bb5 Nf6 17. Bc6 Bb7 18. Bxb7 Qxb7 19. 0-0 Rac8 20. Qb2 Rfd8 21. h3 h6 22. Rxd8+ Rxd8 23. Rc1 Ne4 24. Nd4 Qd5 25. Qc2 1/2-1/2

[Event "SVK-chT2B 1213"]
[Site "Slovakia"]
[Date "2012.12.01"]
[Round "3"]
[White "Horvath, Marian"]
[Black "Jancovic, Peter"]
[Result "1-0"]
[WhiteElo "2153"]
[BlackElo "2153"]
[PlyCount "141"]
[EventDate "2012.10.13"]
[EventType "team-tourn"]
[EventRounds "11"]
[EventCountry "SVK"]
[SourceTitle "EXT 2015"]
[Source "ChessBase"]
[SourceDate "2014.11.20"]
[SourceVersion "1"]
[SourceVersionDate "2014.11.20"]
[SourceQuality "1"]
[WhiteTeam "Topolcianky"]
[BlackTeam "Nitra II"]
[WhiteTeamCountry "SVK"]
[BlackTeamCountry "SVK"]

1. c4 Nf6 2. Nc3 g6 3. e4 d6 4. d4 Bg7 5. Bd3 0-0 6. Nge2 e5 7. d5 Nh5 8. Be3 f5 9. f3 a5 10. Qd2 Rf7 11. 0-0-0 Na6 12. h3 f4 13. Bf2 Nc5 14. Bc2 Bd7 15. Bxc5 dxc5 16. Ba4 Bc8 17. Kb1 Bf8 18. Nc1 Bd6 19. Nd3 Ng3 20. Rhe1 Bd7 21. Qf2 Bxa4 22. Nxa4 b6 23. Nc3 Qd7 24. Nb5 g5 25. Qc2 Nh5 26. Qc3 Re7 27. a3 Kf7 28. Kc2 Ng3 29. Nf2 Kg6 30. Ng4 Ree8 31. Nf2 Qe7 32. Nd3 Qd7 33. Kb1 Qe7 34. Ka2 Qd7 35. Qb3 Re7 36. Qa4 Ree8 37. Ra1 Nh5 38. Qb3 Nf6 39. Qc3 Qe7 40. Rh1 h5 41. Rag1 h4 42. Ra1 Nd7 43. Rhd1 a4 44. Qc2 Ra5 45. Nc1 Nf6 46. Ne2 Rea8 47. Nec3 Ne8 48. Kb1 Kf6 49. Kc1 Qd7 50. Kd2 Bf8 51. Ke2 Nd6 52. Nxd6 Bxd6 53. Kf2 Qe7 54. Kg1 Qd7 55. Kh2 Qe8 56. Ra2 Qd7 57. Rda1 Qe8 58. b3 axb3 59. Qxb3 Qc8 60. a4 Qd7 61. Ra3 Qe8 62. Qa2 Qd7 63. Rb1 Qe8 64. Rb5 Qd7 65. Rab3 R8a7 66. Rxa5 Rxa5 67. Rb5 Ra6 68. Qb3 Qe8 69. a5 bxa5 70. Rb8 a4 71. Qb7 1-0

[Event "SVK-chT2B 1213"]
[Site "Slovakia"]
[Date "2012.10.14"]
[Round "2.3"]
[White "Masarik, Drahoslav"]
[Black "Horvath, Marian"]
[Result "1-0"]
[WhiteElo "2030"]
[BlackElo "2153"]
[PlyCount "109"]
[EventDate "2012.10.13"]
[EventType "team-tourn"]
[EventRounds "11"]
[EventCountry "SVK"]
[SourceTitle "EXT 2015"]
[Source "ChessBase"]
[SourceDate "2014.11.20"]
[SourceVersion "1"]
[SourceVersionDate "2014.11.20"]
[SourceQuality "1"]
[WhiteTeam "Trencin II"]
[BlackTeam "Topolcianky"]
[WhiteTeamCountry "SVK"]
[BlackTeamCountry "SVK"]

1. Nf3 Nf6 2. c4 c6 3. Nc3 d5 4. d4 a6 5. cxd5 cxd5 6. Bf4 Nc6 7. e3 Bf5 8. Be2 e6 9. 0-0 Be7 10. Nh4 Bg6 11. a3 0-0 12. Nxg6 hxg6 13. b4 b5 14. Rc1 Rc8 15. h3 Bd6 16. Bxd6 Qxd6 17. Qb3 Rb8 18. Rc2 Rb6 19. Rfc1 g5 20. Rb2 g6 21. a4 bxa4 22. Nxa4 Rxb4 23. Rxc6 Rxb3 24. Rxd6 Rxb2 25. Nxb2 Rb8 26. Nd3 Rb1+ 27. Kh2 a5 28. Ra6 Ra1 29. Nc5 Ra2 30. Bf3 Kg7 31. Kg3 Kf8 32. Ra7 Kg8 33. Bd1 Ne4+ 34. Nxe4 dxe4 35. Bb3 Ra3 36. Bc4 Kf8 37. Kg4 Rc3 38. Kxg5 Rxc4 39. Kf6 Rc8 40. Rxf7+ Kg8 41. Ra7 Rf8+ 42. Kxg6 Rxf2 43. Ra8+ Rf8 44. Rxa5 Kh8 45. g4 Rg8+ 46. Kh6 Rf8 47. g5 Kg8 48. h4 Rf3 49. g6 Rf8 50. Ra7 Re8 51. h5 Kh8 52. Kg5 e5 53. d5 Rd8 54. d6 Rg8 55. Rh7# 1-0

[Event "SVK-chT2B 1112"]
[Site "Slovakia"]
[Date "2011.10.08"]
[Round "1.2"]
[White "Babindeli, Zoltan"]
[Black "Horvath, Marian"]
[Result "0-1"]
[WhiteElo "1968"]
[BlackElo "2158"]
[PlyCount "82"]
[EventDate "2011.10.08"]
[EventType "team-tourn"]
[EventRounds "11"]
[EventCountry "SVK"]
[SourceTitle "EXT 2013"]
[Source "ChessBase"]
[SourceDate "2012.11.22"]
[SourceVersion "1"]
[SourceVersionDate "2012.11.22"]
[SourceQuality "1"]
[WhiteTeam "Kamenny Most"]
[BlackTeam "Topolcianky SK"]
[WhiteTeamCountry "SLO"]
[BlackTeamCountry "SVK"]

1. d4 d5 2. Nf3 Nf6 3. Bg5 Ne4 4. Bh4 c6 5. e3 Qb6 6. Qc1 Bf5 7. Be2 Nd7 8. 0-0 h6 9. c4 dxc4 10. Nbd2 g5 11. Nxc4 Qd8 12. Bg3 h5 13. h3 h4 14. Bh2 g4 15. hxg4 Bxg4 16. Qc2 Ndf6 17. Nce5 Nd6 18. Nxg4 Nxg4 19. Be5 Nf6 20. Rad1 e6 21. Qb3 Rb8 22. Ng5 Be7 23. f4 Rg8 24. Qd3 Rc8 25. Rc1 Nf5 26. Bf3 Nd7 27. Bh5 Bxg5 28. fxg5 Nxe5 29. Qb3 Qxg5 30. Bxf7+ Nxf7 31. Qxe6+ Kd8 32. Rf2 N5d6 33. Rc5 Qe7 34. Qb3 Rc7 35. Re5 Qd7 36. Re6 Re8 37. Ref6 Ng5 38. Qa3 Nde4 39. Qxa7 Nxf6 40. Rxf6 Ne4 41. Qa8+ Qc8 0-1

[Event "SVK-chT2B 10/11"]
[Site "Slovakia"]
[Date "2011.03.06"]
[Round "9.2"]
[White "Horvath, Marian"]
[Black "Blazek, Milos"]
[Result "0-1"]
[WhiteElo "2176"]
[BlackElo "2080"]
[PlyCount "92"]
[EventDate "2010.10.23"]
[EventType "team-tourn"]
[EventRounds "11"]
[EventCountry "SVK"]
[SourceTitle "EXT 2019"]
[Source "ChessBase"]
[SourceDate "2018.10.10"]
[SourceVersion "1"]
[SourceVersionDate "2018.10.10"]
[SourceQuality "1"]
[WhiteTeam "Topolcianky SK"]
[BlackTeam "Trencin SK II"]
[WhiteTeamCountry "SVK"]
[BlackTeamCountry "SVK"]

1. d4 d5 2. c4 e6 3. Nc3 Nf6 4. Bg5 Be7 5. e3 0-0 6. Nf3 h6 7. Bh4 b6 8. cxd5 Nxd5 9. Bxe7 Qxe7 10. Bd3 Nd7 11. Rc1 Nxc3 12. Rxc3 c5 13. 0-0 Bb7 14. Bb1 Rac8 15. Qc2 g6 16. Rc1 cxd4 17. Nxd4 Rxc3 18. bxc3 Nc5 19. f3 e5 20. Nb3 Rc8 21. Nxc5 Rxc5 22. Kf2 b5 23. a3 a5 24. Ba2 Kg7 25. e4 Qh4+ 26. Kg1 Qf4 27. Re1 Rc7 28. Qd3 Rc5 29. Rd1 Qf6 30. h3 Qb6 31. Kh2 Qc7 32. Qd8 Rxc3 33. Qe8 Bc6 34. Qd8 Qxd8 35. Rxd8 Rxa3 36. Bd5 Rd3 37. Kg3 a4 38. Rd6 Bxd5 39. exd5 a3 40. Ra6 b4 41. Ra4 Rb3 42. Kf2 Rb2+ 43. Ke3 a2 44. g3 b3 45. d6 Kf6 46. f4 exf4+ 0-1

[Event "SVK-chT2B 10/11"]
[Site "Slovakia"]
[Date "2011.02.05"]
[Round "6.5"]
[White "Horvath, Marian"]
[Black "Gorusa, Miroslav"]
[Result "0-1"]
[WhiteElo "2176"]
[BlackElo "2136"]
[PlyCount "62"]
[EventDate "2010.10.23"]
[EventType "team-tourn"]
[EventRounds "11"]
[EventCountry "SVK"]
[SourceTitle "EXT 2019"]
[Source "ChessBase"]
[SourceDate "2018.10.10"]
[SourceVersion "1"]
[SourceVersionDate "2018.10.10"]
[SourceQuality "1"]
[WhiteTeam "Topolcianky SK"]
[BlackTeam "Nitra NSK II"]
[WhiteTeamCountry "SVK"]
[BlackTeamCountry "SVK"]

1. c4 e5 2. Nc3 Nf6 3. g3 d5 4. cxd5 Nxd5 5. Bg2 Nb6 6. Nf3 Nc6 7. d3 Be7 8. Be3 0-0 9. 0-0 Be6 10. Qc1 f6 11. Rd1 Nd4 12. Nd2 c6 13. Nf3 Re8 14. Kf1 Rc8 15. Ne4 c5 16. b3 Nd5 17. Bd2 b5 18. Qb2 Qb6 19. Rac1 Qa6 20. Nxd4 cxd4 21. Rxc8 Rxc8 22. Rc1 b4 23. Rxc8+ Qxc8 24. Be1 Nc3 25. Nd2 Qa6 26. Nc4 Nxa2 27. Qa1 Bc8 28. f4 exf4 29. Qxd4 fxg3 30. Bxg3 Nc3 31. Bd6 Qa1+ 0-1

[Event "SVK-chT2B 0910"]
[Site "Slovakia"]
[Date "2010.02.08"]
[Round "9"]
[White "Horvath, Marian"]
[Black "Budaj, Peter"]
[Result "1/2-1/2"]
[WhiteElo "2148"]
[BlackElo "2056"]
[PlyCount "56"]
[EventDate "2009.10.10"]
[EventType "team"]
[EventRounds "11"]
[EventCountry "SVK"]
[SourceTitle "EXT 2011"]
[Source "ChessBase"]
[SourceDate "2010.11.26"]
[SourceVersion "1"]
[SourceVersionDate "2010.11.26"]
[SourceQuality "1"]
[WhiteTeam "Topolcianky"]
[BlackTeam "Bystrica SKS II"]
[WhiteTeamCountry "SVK"]
[BlackTeamCountry "SVK"]

1. c4 Nf6 2. Nc3 g6 3. g3 Bg7 4. Bg2 0-0 5. d4 d6 6. e4 e5 7. d5 a5 8. Nge2 Nh5 9. Be3 Na6 10. Qd2 f5 11. f4 Nc5 12. fxe5 Bxe5 13. 0-0 Qe7 14. Bg5 Bf6 15. Bxf6 Nxf6 16. exf5 Bxf5 17. Nd4 Bd7 18. Rae1 Qg7 19. Ne6 Bxe6 20. dxe6 Rae8 21. Bh3 g5 22. Bf5 Kh8 23. g4 h6 24. Rf3 Ng8 25. Rff1 Nxe6 26. Bxe6 Rxf1+ 27. Kxf1 Rxe6 28. Rxe6 Qf7+ 1/2-1/2

[Event "SVK-chT2B 0910"]
[Site "Slovakia"]
[Date "2010.01.10"]
[Round "7"]
[White "Pereszlenyi, Gejza"]
[Black "Horvath, Marian"]
[Result "0-1"]
[WhiteElo "2045"]
[BlackElo "2148"]
[PlyCount "92"]
[EventDate "2009.10.10"]
[EventType "team"]
[EventRounds "11"]
[EventCountry "SVK"]
[SourceTitle "EXT 2011"]
[Source "ChessBase"]
[SourceDate "2010.11.26"]
[SourceVersion "1"]
[SourceVersionDate "2010.11.26"]
[SourceQuality "1"]
[WhiteTeam "Nitra NSK III"]
[BlackTeam "Topolcianky"]
[WhiteTeamCountry "SVK"]
[BlackTeamCountry "SVK"]

1. c4 c6 2. d4 d5 3. e3 Nf6 4. Nf3 a6 5. c5 Bg4 6. Be2 Bxf3 7. Bxf3 Nbd7 8. 0-0 e5 9. g3 b6 10. cxb6 Qxb6 11. Nc3 Bd6 12. Na4 Qc7 13. Bd2 e4 14. Bg2 h5 15. f4 exf3 16. Qxf3 h4 17. Be1 Rh6 18. Rc1 Rg6 19. h3 Bxg3 20. Bxg3 Rxg3 21. Qf4 Qxf4 22. Rxf4 g5 23. Rf3 Rxf3 24. Bxf3 Rc8 25. Be2 a5 26. Kh2 Ke7 27. Rg1 Rg8 28. a3 Ne4 29. Bg4 Ndf6 30. Bf5 Ng3 31. Bd3 Nfe4 32. Rc1 Kd6 33. Bxe4 Nxe4 34. Nc5 Rb8 35. Nxe4+ dxe4 36. Rc2 Rb3 37. Re2 Kd5 38. Kg1 Kc4 39. Rc2+ Kd3 40. Rxc6 Kxe3 41. d5 Rxb2 42. d6 Rd2 43. Rc5 Kf4 44. Rxa5 Rxd6 45. Kf2 Rd2+ 46. Ke1 Ra2 0-1

[Event "SVK-chT2B 0910"]
[Site "Slovakia"]
[Date "2009.10.11"]
[Round "2"]
[White "Cvicela, Anton"]
[Black "Horvath, Marian"]
[Result "0-1"]
[WhiteElo "2228"]
[BlackElo "2148"]
[PlyCount "50"]
[EventDate "2009.10.10"]
[EventType "team"]
[EventRounds "11"]
[EventCountry "SVK"]
[SourceTitle "EXT 2011"]
[Source "ChessBase"]
[SourceDate "2010.11.26"]
[SourceVersion "1"]
[SourceVersionDate "2010.11.26"]
[SourceQuality "1"]
[WhiteTeam "Surany"]
[BlackTeam "Topolcianky"]
[WhiteTeamCountry "SVK"]
[BlackTeamCountry "SVK"]

1. e4 c6 2. d4 d5 3. Nc3 g6 4. e5 Bg7 5. f4 h5 6. Nf3 Bg4 7. Be2 Bxf3 8. Bxf3 e6 9. 0-0 Ne7 10. Ne2 Nd7 11. g3 Nf5 12. Qd3 Qb6 13. c3 Bh6 14. Be3 Nxe5 15. fxe5 Nxe3 16. Rf2 Nf5 17. Kh1 Qxb2 18. Rb1 Qxa2 19. Rxb7 0-0 20. g4 hxg4 21. Bxg4 Rfb8 22. Rxb8+ Rxb8 23. Bxf5 exf5 24. e6 Qb1+ 25. Qxb1 Rxb1+ 0-1